[Event "Charleroi op"]
[Site "Roux"]
[Date "2023.08.03"]
[Round "7"]
[White "Le Quang, Kim"]
[Black "Verbist, Julien"]
[Result "1/2-1/2"]
[WhiteElo "2287"]
[BlackElo "1991"]
[PlyCount "45"]
[EventDate "2023.07.29"]
[EventType "swiss"]
[EventRounds "9"]
[EventCountry "BEL"]
[SourceTitle "CBM 215 Extra"]
[Source "ChessBase"]
[SourceDate "2023.09.30"]
[SourceVersion "1"]
[SourceVersionDate "2023.09.30"]
[SourceQuality "1"]

1. c4 c6 2. Nf3 d5 3. e3 Nf6 4. Nc3 e6 5. b3 Be7 6. Bb2 0-0 7. Qc2 Nbd7 8. Rg1 e5 9. g4 e4 10. g5 Ne8 11. Nd4 Ne5 12. 0-0-0 Bxg5 13. cxd5 cxd5 14. Ba3 Bf6 15. Kb1 Nc7 16. Bxf8 Kxf8 17. Be2 Ne6 18. Nf5 Nc5 19. Nd4 Ned3 20. f3 Nb4 21. Qb2 Ncd3 22. Bxd3 Nxd3 23. Qc2 1/2-1/2